[Event "CZE-ch U10 Girls"]
[White "Jaresova, Vendula"]
[Black "Coufalova, Laura"]
[Site "Kouty nad Desnou"]
[Round "2"]
[Result "0-1"]
[Date "2017.03.12"]
[WhiteElo "1000"]
[BlackElo "1100"]
[PlyCount "64"]
[EventDate "2017.03.11"]
[EventType "swiss"]
[EventRounds "9"]
[EventCountry "CZE"]
[SourceTitle "CBM 177 Extra"]
[Source "ChessBase"]
[SourceDate "2017.04.27"]
[SourceVersion "1"]
[SourceVersionDate "2017.04.27"]
[SourceQuality "1"]

1. e4 e5 2. Bc4 Nf6 3. Bb3 Nxe4 4. Qh5 Nd6 5. c4 Nc6 6. c5 g6 7. Qf3 e4 8. Qe2 Nd4 9. Qe3 N6f5 10. Qxe4+ Qe7 11. f3 Qxe4+ 12. fxe4 Nh4 13. Nh3 Nxg2+ 14. Kd1 Bxc5 15. d3 d6 16. Bg5 Bxh3 17. Rf1 Ne3+ 18. Kd2 Nxf1+ 19. Ke1 Nf3+ 20. Ke2 Nxg5 21. Nc3 0-0-0 22. Be6+ Nxe6 23. d4 Nxd4+ 24. Kf2 Nc2+ 25. Kf3 Nxa1 26. Nb5 Rde8 27. Nxa7+ Bxa7 28. b3 Re7 29. a4 Rhe8 30. b4 Rxe4 31. a5 R4e6 32. b5 Rf6# 0-1